Culture Générale - Série 2406 - Statistiques

Statistiques générales
  • Ce quiz a été pris 138 fois
  • Le résultat moyen est 5 sur 10
Statistiques - réponses
Question Réponse % Correct
Dans le roman Le Livre de la jungle (1894) de Rudyard Kipling, quel animal est Bagheera ? panthère
92%
De quel pays Riga est-elle la capitale ? Lettonie
87%
Dans quelle ville italienne se trouve l'opéra de La Fenice ? Venise
74%
Dans quel département se trouve la cité de Carcassonne ? Aude
68%
Confiserie en sucre cuit, coulée dans une petite coquille en plastique, en forme de coquillage. voir photo roudoudou
44%
Quel adjectif de 5 lettres commençant par " a " signifie "dépourvu de pieds, de pattes, de nageoires" ? apode
28%
Sous quel nom connait-on mieux Honoré Gabriel Riqueti (1749-1791) . Un pont célèbre sur la Seine à Paris porte son nom . Mirabeau
28%
Dans la mythologie grecque quel animal est Amalthée? chèvre
18%
Quel adjectif de 6 lettres commençant par " a " signifie "dépourvu de queue" ? anoure
12%
Dans la mythologie grecque, comment s'appelle la muse de la Comédie ? Thalie
8%
Aucun quiz correspondant
Distribution des résultats
% des personnes avec chaque résultat
Percentile par nombre de réponses
Votre historique - résultats
Vous n’avez pas pris ce quiz